000 00367nam a2200157Ia 4500
005 20250411042921.0
008 240331s9999 xx 000 0 und d
020 _a9559540033
082 _bPER
_a891
100 _aPerera,T
245 0 _aGiri durga
260 _aSri Lanka
_bNawa Smaki Prakashika
_c1993
300 _a240 p .,
650 _aSinhala Novel
942 _cL
999 _c5352
_d5352